JR特急列車の最長駅間 - Statistics

General Stats
  • This quiz has been taken 367 times
  • The average score is 101 of 164
Answer Stats
列車名 Answer 距離(km) % Correct
サンダーバード 京都 94.1
82%
敦賀
82%
敦賀
82%
らくラクびわこ 京都 39.0
82%
らくラクはりま 京都 39.0
82%
オホーツク 旭川 48.6
81%
カムイライラック 札幌 40.6
81%
成田エクスプレス 東京 78.0
81%
わかしお 東京 43.0
81%
さざなみ 東京 43.0
81%
ひたち 上野 117.5
80%
おうめ 新宿 27.2
80%
はちおうじ 新宿 27.2
80%
しらさぎ 米原 45.9
80%
サフィール踊り子 横浜 75.8
79%
熱海
79%
水戸
78%
ときわ 36.9
78%
あずさ 八王子 86.7
78%
甲府
78%
かいじ 八王子 40.4
78%
富士回遊 八王子 40.4
78%
大月
77%
大月
77%
立川
77%
立川
77%
新大阪
76%
新大阪
76%
蘇我
75%
蘇我
75%
小田原
75%
姫路
75%
姫路
75%
姫路
75%
きぬがわ 大宮 57.9
74%
スペーシア日光 大宮 57.9
74%
大宮
74%
湘南 品川 52.1
74%
宗谷 岩見沢 42.9
73%
岩見沢
73%
スーパーつがる 秋田 56.7
73%
つがる 秋田 28.8
73%
秋田
73%
高崎
73%
踊り子 大船 37.4
73%
サンライズ瀬戸 浜松 387.2
73%
サンライズ出雲 浜松 387.2
73%
滝川
72%
釧路
72%
土浦
72%
藤沢
71%
しなの 松本 53.4
71%
天王寺
71%
はるか 天王寺 46.0
71%
北斗 東室蘭 58.0
70%
苫小牧
70%
岡山
70%
うずしお 岡山 27.8
70%
大雪 上川 57.0
69%
上川
69%
草津・四万 熊谷 40.3
69%
関西空港
69%
こうのとり 福知山 30.5
68%
スーパーはくと 鳥取 39.8
68%
リレーかもめ 博多 28.6
68%
かささぎ 博多 28.6
68%
博多
68%
ソニック 中津 69.0
68%
にちりんシーガイア 中津 69.0
68%
みどり 博多 28.6
68%
ハウステンボス 博多 28.6
68%
米子
67%
米子
67%
米子
67%
鳥栖
67%
鳥栖
67%
鳥栖
67%
鳥栖
67%
空港第2ビル
67%
南稚内
66%
下呂
65%
綾部
65%
綾部
65%
綾部
65%
倉吉
65%
スーパーまつかぜ 倉吉 52.9
65%
スーパーおき 倉吉 52.9
65%
松山
65%
松山
65%
とかち 新夕張 43.3
64%
東能代
64%
しらゆき 柏崎 36.7
64%
きのさき 園部 42.0
64%
まいづる 園部 42.0
64%
はしだて 園部 42.0
64%
篠ノ井
63%
しおかぜ 今治 49.5
63%
いしづち 今治 49.5
63%
モーニングEXP松山 今治 32.0
63%
すずらん 千歳 30.1
62%
新札幌
62%
長岡
62%
しおさい 錦糸町 18.4
62%
ひだ 美濃太田 61.0
62%
スーパーいなば 上郡 53.8
62%
おおぞら 池田 104.1
61%
いなほ 羽後本荘 42.8
61%
栃木
61%
栃木
61%
船橋
61%
別府
61%
別府
61%
阿波池田
60%
サロベツ 豊富 40.8
59%
御殿場
59%
延岡
59%
占冠
58%
南紀 尾鷲 34.3
57%
熊野市
56%
らくラクやまと 久宝寺 15.0
56%
はまかぜ 明石 35.4
56%
児島
56%
八郎潟
55%
ふじかわ 富士宮 23.4
55%
御坊
55%
にちりん 佐伯 58.4
55%
ふじさん 松田 25.3
54%
しまんと 琴平 32.6
54%
都城
53%
和田山
51%
南風 大歩危 45.8
51%
宇和海 伊予市 26.0
51%
くろしお 海南 44.2
50%
ゆふ 久留米 26.4
50%
やくも 生山 47.8
49%
丸瀬布
48%
あかぎ 池袋 28.4
48%
新居浜
48%
内子
48%
土佐山田
47%
中部天竜
45%
伊予北条
45%
あしずり 窪川 20.8
45%
きりしま 南宮崎 47.4
45%
ひゅうが 日向市 36.9
42%
あそ 阿蘇 9.7
42%
牟岐
38%
モーニングEXP高松 伊予三島 25.5
37%
きらめき 福間 21.6
36%
肥後大津
36%
高鍋
35%
吉塚
34%
かいおう 桂川 25.1
32%
あそ 立野 9.7
29%
伊那路 湯谷温泉 24.4
25%
三重町
23%
内船
22%
筑後吉井
22%
むろと 日和佐 14.4
20%
土佐佐賀
20%
鴨島
16%
九州横断特急 中判田 24.4
14%
赤水
13%
剣山 蔵本 15.6
11%
No matching quizzes found
Score Distribution
Percent of People with Each Score
Percentile by Number Answered
Your Score History
You have not taken this quiz